Statistics for The Great Highland Bagpipe

Click here to take the quiz!

General Stats

  • This quiz has been taken 36 times
  • The average score is 20 of 26

Answer Stats

HintAnswer% Correct
What country did the GHB originate in?Scotland
100%
What bottom-half attire is traditionnaly worn when playing the GHB?The kilt
100%
How many double reeds does a GHB have?1
97%
How many single reeds does a GHB have?3
97%
The single, longer "sound pipe" is called the...Bass drone
94%
There are generally three types of drums present in a GHB pipeband. What are they?Bass drum
94%
The GHB has three "sound pipes" that rest on the shoulder while playing. What are these pipes called?Drones
94%
Two of the "sound pipes" are identical. What are they called?Tenor drones
94%
There are generally three types of drums present in a GHB pipeband. What are they?Tenor drum
94%
What is the "melody pipe", the pipe played by the fingers called?The chanter
94%
How many melody notes can the GHB produce?9
90%
When playing in a pipeband, all pipers traditionally come in on the same note after the first drum roll. Which note?E
87%
In a GHB pipeband, what is the title of the individual that leads the musical direction and all the pipers?Pipe Major
87%
There are generally three types of drums present in a GHB pipeband. What are they?Snare, or side drum
87%
In a GHB pipeband, what is the title of the individual that marches in front and leads the entire band?Drum Major
84%
What is the highest note called?High A
84%
What is the lowest note called?Low G
84%
What note on the "melody pipe" are these "sound pipes" tuned to?Low A
77%
What family of musical instruments does the GHB belong to?Woodwind
77%
Traditionally, what was the pipe bag made out of?Sheep skin
65%
Traditionally, what type of wood are all the pipes of the GHB made of?African Blackwood
61%
There is a very old, traditional form of music, often refered to as the "classical music of the bagpipe." What is this type of music called?Piobaireachd, or Ceòl Mòr
55%
What form of dance music, often played on the GHB, is unique to Scotland? (Hint: it's named after a Scottish river valley.)The Strathspey
52%
In a GHB pipeband, what is the title of the individual that leads the drum corps?Drum Sergeant
42%
Before this "classical music of the bagpipe" had a written form, it was taught and learned vocally. What is the chanted "language" called that was developed specifically to teach this type of music?Canntaireachd
26%
What is the base of the "melody pipe" called?The sole
26%

Score Distribution

Percentile by Number Answered

Percent of People with Each Score

Your Score History

You have not taken this quiz